000 00654nam a2200217 i 4500
001 bg
003 BPK
005 20200814133156.0
008 s1989 pl f |000 0 pol
040 _cBPK
041 _apol
080 _a621.822
080 _a 621.89
100 1 _aWierzcholski, Krzysztof
_d(1939- )
_eAutor
245 0 _aTeoria smarowania łożysk ślizgowych /
_cKrzysztof Wierzcholski.
260 _aSzczecin,
_c1989.
650 4 _aSmary
_xstosowanie.
650 4 _aŁożyska ślizgowe
856 _uhttp://koha.tu.koszalin.pl/cgi-bin/koha/opac-detail.pl?biblionumber=28999
_yKatalog online BPK
942 _cKS
_2UKD
999 _c28999
_d28999